[Event "Reykjavik Open 2015"]
[Site "Reykjavik, "]
[Date "2015.03.13"]
[Round "5.129"]
[White "Van Zyl-Rudd, Jack"]
[Black "Heidarsson, Arnar"]
[Result "1-0"]
[WhiteElo "1648"]
[BlackElo "1119"]
[PlyCount "59"]
[EventDate "2015.03.10"]

1. d4 d5 2. c4 Nf6 3. cxd5 Nxd5 4. e4 Nf6 5. Nc3 e6 6. Bd3 Bb4 7. Nge2 O-O 8.
O-O Nbd7 9. Bg5 Qe8 10. Nb5 Ba5 11. Qc2 Nb8 12. b4 Bb6 13. a4 a5 14. Nxc7 Bxc7
15. Qxc7 Qd7 16. Qxd7 Nbxd7 17. b5 b6 18. Rac1 Ra7 19. f3 h6 20. Bf4 Re8 21.
Rc2 Ra8 22. Rfc1 Nh5 23. Bd6 g6 24. e5 f5 25. exf6 Nhxf6 26. Bxg6 Kg7 27. Bxe8
Nxe8 28. Rxc8 Rxc8 29. Rxc8 Nxd6 30. Rd8 1-0

[Event "Reykjavik Open 2015"]
[Site "Reykjavik, "]
[Date "2015.03.13"]
[Round "5.38"]
[White "Thorfinnsson, Bragi"]
[Black "Byron, Alan M"]
[Result "1-0"]
[WhiteElo "2429"]
[BlackElo "2172"]
[PlyCount "81"]
[EventDate "2015.03.10"]

1. e4 e6 2. d4 d5 3. Nd2 dxe4 4. Nxe4 Be7 5. Nf3 Nf6 6. Bd3 Nbd7 7. O-O Nxe4 8.
Bxe4 Nf6 9. Bd3 O-O 10. c4 b6 11. Qe2 Bb7 12. Rd1 Qe8 13. b3 Rd8 14. Bb2 Nh5
15. Qe3 g6 16. Re1 Bb4 17. Re2 Bd6 18. g3 f6 19. Be4 Bc8 20. Rae1 f5 21. Bc2 f4
22. Qc3 fxg3 23. hxg3 Be7 24. Ne5 Bf6 25. Qe3 Bg7 26. Ba3 Bxe5 27. Qxe5 Rf7 28.
d5 Ng7 29. Qg5 c5 30. Bb2 Qf8 31. dxe6 Nxe6 32. Rxe6 Bxe6 33. Qe5 Re7 34. Qh8+
Kf7 35. Qxh7+ Ke8 36. Qxg6+ Bf7 37. Qc6+ Rdd7 38. Rxe7+ Qxe7 39. Bf6 Qe1+ 40.
Kg2 Be6 41. Bg6+ 1-0

[Event "Reykjavik Open 2015"]
[Site "Reykjavik, "]
[Date "2015.03.13"]
[Round "5.111"]
[White "Sigurvaldason, Hjalmar"]
[Black "Haraldsson, Sigurjon"]
[Result "0-1"]
[WhiteElo "1450"]
[BlackElo "1833"]
[PlyCount "82"]
[EventDate "2015.03.10"]

1. d4 Nf6 2. Bg5 d5 3. Bxf6 exf6 4. e3 c6 5. c4 dxc4 6. Bxc4 Bb4+ 7. Nc3 O-O 8.
Nge2 Bg4 9. f3 Bc8 10. O-O b5 11. Bb3 Bb7 12. Bc2 g6 13. a3 Be7 14. b4 a5 15.
bxa5 Rxa5 16. a4 b4 17. Ne4 f5 18. Nd2 Rd5 19. Bb3 Rd7 20. Nc4 Bf6 21. Ra2 c5
22. Rd2 Re8 23. a5 Ba6 24. Ba4 Bxc4 25. Bxd7 Qxd7 26. dxc5 Qe7 27. e4 Qxc5+ 28.
Kh1 Bc3 29. Rd8 Qe7 30. Rxe8+ Qxe8 31. Nxc3 bxc3 32. Re1 fxe4 33. Rxe4 Be6 34.
Qc2 Qb5 35. Kg1 Qxa5 36. h3 Bf5 37. Re8+ Kg7 38. Qc1 Nd7 39. Re1 Ne5 40. f4 Nd3
41. Qa1 Qc5+ 0-1